Caleta de sabores: un rescate del patrimonio culinario costero de la Región de Valparaíso
Saved in:
| Main Authors: | , , , |
|---|---|
| Format: | Bog |
| Sprog: | spansk |
| Udgivet: |
Valparaíso
Consejo Nacional de la Cultura y las Artes
2013
|
| Udgivelse: | 1a. ed |
| Fag: | |
| Tags: |
Tilføj Tag
Ingen Tags, Vær først til at tagge denne postø!
|
MARC
| LEADER | 00000cam a2200000 a 4500 | ||
|---|---|---|---|
| 001 | UCF9681 | ||
| 003 | CL-VaPUC | ||
| 008 | 131206e20131000cl |||||||||||||||||spa|d | ||
| 020 | |a 9789563533774 | ||
| 082 | 0 | 4 | |a 641.39 |b GEN |2 21 |
| 100 | |a Gentschev, Alicia |e author |9 572045 | ||
| 700 | 0 | |a Moscoso, Andrés |e author |9 572042 | |
| 700 | 0 | |a Carstens, Carolina |e author |9 572043 | |
| 700 | 0 | |a Muller, Karin |e author |9 572044 | |
| 245 | 1 | 0 | |a Caleta de sabores: un rescate del patrimonio culinario costero de la Región de Valparaíso |
| 250 | |a 1a. ed | ||
| 300 | |a 118 p | ||
| 942 | |c BK | ||
| 945 | |d 20131206 11:14:00 |a dcastane | ||
| 260 | |a Valparaíso |b Consejo Nacional de la Cultura y las Artes |c 2013 | ||
| 650 | 0 | |a Cocina |9 328037 | |
| 650 | 0 | |a Alimentos marinos |9 259402 | |
| 650 | 7 | |a PRODUCTOS DEL MAR |2 CL-VaPUC |9 361774 | |
| 583 | |a last modification |c 20131206 11:14:00 |k Rodrigo Vera | ||
| 999 | |c 354096 |d 354094 | ||
| 952 | |0 0 |1 0 |3 erb |4 0 |6 641_390000000000000_GEN_2013 |7 0 |8 A |9 459747 |a BIBGIM |b BIBGIM |i 5030633 |o 641.39 GEN 2013 |p 5030633 |r 2025-01-15 |w 2019-11-23 |y BK |z Catalogado en:20131206 |k GIM | ||
| 952 | |0 0 |1 0 |2 ddc |3 erb |4 0 |6 641_390000000000000_GEN_2013 |7 0 |8 A |9 459748 |a BIBALI |b BIBALI |c GEN |i 5030641 |o 641.39 GEN 2013 |p 5030641 |r 2025-01-20 |w 2019-11-23 |y BK |z Catalogado en:20131206 |k ALI | ||
| 952 | |0 0 |1 0 |3 erb |4 0 |6 641_390000000000000_GEN_2013 |7 0 |8 X |9 459749 |a FDOBUD |b FDOBUD |i 503065K |o 641.39 GEN 2013 |p 503065K |r 2019-11-23 |w 2019-11-23 |y BK_X |z Catalogado en:20131206 |k BUD | ||